000 00910nam a22003017a 4500
001 10157
003 FISKH
005 20260428135321.0
008 260428b cb ||||| |||| 00| 0 eng d
020 _a9780462004495
040 _aFISKH
_beng
_cFISKH
_dFISKH
050 _aPZ7
082 _a823.92
100 _aMichaels, Jade
_eAuthor
245 _aWhere is the hat? /
_cWritten by Jade Michaels ; Illustrated by Richard Hoit
250 _aFirst published 2008
260 _aLondon :
_bMarshall Cavendish Limited ,
_c2008
300 _a16 pages :
_bcolor illustrations ;
_c16 X 19 cm
490 _aMy Pals Are Here ! Reading Stars :
_v1a
505 _aG
520 _aWhere is the animal's hat?
521 8 _a350
_bLexile estimate
521 8 _aG
_bRaz-Plus
650 _aHats
_vFantasy animals
700 _aHoit, Richard
_dIllustrator
942 _2ddc
_cBK
_n0
999 _c10157
_d10157